| 000 | 00575nam a2200181Ia 4500 | ||
|---|---|---|---|
| 003 | LK-CoDNM | ||
| 005 | 20240129145606.0 | ||
| 008 | 010623t1924 xxu||||| |||| 00| 1 sin d | ||
| 040 |
_aLK-CoDNM _dLK-CoDNM _eLK-CoDNM |
||
| 041 | _asin | ||
| 080 |
_a104 _bN 12 |
||
| 100 | _aPanditharathna,D.H | ||
| 245 | _aනිදාන සහිත සූතිකාරෝග චිකිත්සා සාරසංග්රහව | ||
| 246 | _aNidana Sahita Sutika Roga Chikithsa Saara Sangrahawa | ||
| 260 |
_bSitumina _aNigambo _c1924 |
||
| 300 | _b89p, 21 cm | ||
| 942 | _cBK | ||
| 999 |
_c92398 _d92398 |
||